| 000 | 00371nam a22001457a 4500 | ||
|---|---|---|---|
| 008 | 250627b |||||||| |||| 00| 0 eng d | ||
| 020 | _a9781864700886 | ||
| 050 |
_aNA7110 _b.B47 |
||
| 100 | _aBerkus A. Barry | ||
| 245 | _aHouse design | ||
| 260 |
_aBaston _bThe image publishing group pty ltd _c2002 |
||
| 300 |
_a126p. _bill |
||
| 650 | _aArchitecture | ||
| 942 | _cBK | ||
| 999 |
_c3992 _d3992 |
||